Statistics for Ultimate Pitch Perfect Quiz

Click here to take the quiz!

General Stats

  • This quiz has been taken 280 times
    (273 since last reset)
  • The average score is 10 of 30

Answer Stats

Hint Answer % Correct
Who got accepted into the TreblemakersJesse
90%
Boyfriend of ^Jesse
90%
What is the name of the girls singing groupThe Barden Bellas
79%
What is the name of the boys singing groupThe Treblemakers
79%
Name of UniversityBarden University
70%
What condition does she haveNodes
51%
What movie do Beca and Jesse watchThe Breakfast Club
50%
Who does Beca first meet out in the quadFat amy
49%
What song do they have to sing for auditionsSince you've been gone
49%
Main Characters nameBeca Mitchell
48%
What song gets sung on the busParty in the USA
48%
Who is Jesse's roommateBenji
48%
What is the name of Becas roommateKimmy-Jin
42%
Who is the lead of the girls groupAubrey Posen
38%
Who is the lesbian in the bellasCynthia Rose
36%
Leader of the boys groupBumper Allen
27%
What song does Beca sing for auditionsCup Song
26%
Who is the beat boxer in the TreblemakersDonald
25%
Where does Beca apply for an internshipRadio Station
25%
Who is the red head in the bellasChloe Beale
21%
Who won the finalsThe bellas
18%
What rolls into the vomitPitch pipe
14%
What is the first song that treblemakers singDon't stop the music
9%
What did Lilly say in confession to the groupShe ate her twin in the womb
9%
What mash up do they sing afer confessionJust the way you are and Just a dream
3%
What happened afterJesse and Beca kissed
3%
What does fat Amy get hit withA flying Burrito
1%
What is the mash up of songs the bellas originally singThe sign, Eternal Flame and Turn the beat around
0%
Who got accepted into the bellasBeca, Fat Amy, Stacie, Cynthia Rose, Lilly, Jessica and Ashley
0%
What is Aubrey known forProjectile vomiting
0%

Score Distribution

Percentile by Number Answered

Percent of People with Each Score

Your Score History

You have not taken this quiz since the last reset